[Event "3rd Asia-ch"]
[Site "Kolkata IND"]
[Date "2001.08.16"]
[Round "10"]
[White "Al-Modiahki, Mohamad"]
[Black "Liang Jinrong"]
[Result "1-0"]
[WhiteElo "2492"]
[BlackElo "2510"]
[EventDate "2001.08.09"]
[PlyCount "57"]

1.e4 c5 2.Nf3 Nc6 3.Nc3 e6 4.d4 cxd4 5.Nxd4 a6 6.Nxc6 bxc6 7.Bd3 d5 8.O-O 
Nf6 9.Qe2 Be7 10.b3 O-O 11.Bb2 Nd7 12.Na4 Bf6 13.e5 Be7 14.c4 Nc5 15.Nxc5 
Bxc5 16.Qc2 Qb6 17.Bxh7+ Kh8 18.Bd3 Bd7 19.Qd1 g6 20.Bxg6 Bxf2+ 21.Rxf2 
fxg6 22.Bd4 Qd8 23.Qd2 Kg7 24.Raf1 Rxf2 25.Qxf2 Qe7 26.Bc5 Qe8 27.Qf6+ Kg8
28.Rf3 Rb8 29.Rh3 1-0

[Event "3rd Asia-ch"]
[Site "Kolkata IND"]
[Date "2001.08.16"]
[Round "10"]
[White "Al-Rakib, Abdullah"]
[Black "Kunte, Abhijit"]
[Result "1-0"]
[WhiteElo "2393"]
[BlackElo "2547"]
[EventDate "2001.08.09"]
[PlyCount "73"]

1.d4 Nf6 2.c4 c5 3.d5 b5 4.cxb5 a6 5.f3 g6 6.e4 d6 7.Nc3 Bg7 8.a4 O-O 9.
Ra3 Nfd7 10.Nh3 Ne5 11.Nf2 axb5 12.Bxb5 Ba6 13.Qe2 Qb6 14.O-O Bxb5 15.Nxb5
Na6 16.f4 Nd7 17.Rh3 Nc7 18.Nc3 e6 19.Qg4 h5 20.Qg5 Rae8 21.a5 Qa7 22.dxe6
Nxe6 23.Qd5 Nf6 24.Qxd6 Qxa5 25.f5 Nd4 26.Nd3 Rd8 27.Qxc5 Qa6 28.e5 Nd7 
29.Qxd4 Nxe5 30.Qh4 Bf6 31.Bg5 Bxg5 32.Qxg5 Nxd3 33.Ne4 Qb6+ 34.Kh1 Nf2+ 
35.Nxf2 Qxf2 36.Rf3 Qb6 37.Qh6 1-0

[Event "3rd Asia-ch"]
[Site "Kolkata IND"]
[Date "2001.08.16"]
[Round "10"]
[White "Al-Sayed, Mohamad Naser"]
[Black "Donguines, Fernie"]
[Result "0-1"]
[WhiteElo "2299"]
[BlackElo "2411"]
[EventDate "2001.08.09"]
[PlyCount "124"]

1.e4 g6 2.d4 Bg7 3.Nc3 d6 4.Nge2 Nd7 5.g3 Ngf6 6.Bg2 O-O 7.h3 e5 8.Be3 Re8
9.O-O c6 10.a4 Qc7 11.g4 Nf8 12.Qd2 b6 13.Rfd1 Bb7 14.a5 Rad8 15.axb6 axb6
16.d5 c5 17.Nb5 Qb8 18.Nec3 Kh8 19.Bf1 Ng8 20.Na7 f5 21.f3 h5 22.g5 Nh7 
23.exf5 gxf5 24.h4 Ne7 25.Bf2 Rg8 26.Qe2 Ng6 27.Nc6 Qc8 28.Nxd8 Qxd8 29.
Ra7 Bc8 30.Kh1 Bf8 31.Bg3 Be7 32.Re1 f4 33.Bf2 Nxh4 34.Bxh4 Bxg5 35.Qd3 
Nf8 36.Bf2 Bh4 37.Qd2 Bf5 38.Bd3 Bxd3 39.Rg1 Rxg1+ 40.Bxg1 Bf5 41.Qh2 Qg5 
42.Ne4 Bxe4 43.fxe4 Qg4 44.Bf2 Ng6 45.Qg2 Bg3 46.Ra3 Nh4 47.Qf1 f3 48.Bxg3
Qxg3 49.Ra8+ Kh7 50.Ra7+ Kg6 51.Ra8 Kf7 52.Ra7+ Kf8 53.Ra8+ Ke7 54.Ra7+ 
Kf6 55.Rd7 f2 56.Rxd6+ Ke7 57.Rxb6 Qf3+ 58.Kh2 Qf4+ 59.Kh1 Qxe4+ 60.Kh2 
Nf3+ 61.Kg3 Qf4+ 62.Kg2 Ne1+ 0-1

[Event "3rd Asia-ch"]
[Site "Kolkata IND"]
[Date "2001.08.16"]
[Round "10"]
[White "Antonio, Rogelio jr"]
[Black "Konguvel, Ponnuswamy"]
[Result "1-0"]
[WhiteElo "2535"]
[BlackElo "2371"]
[EventDate "2001.08.09"]
[PlyCount "85"]

1.e4 c5 2.Nf3 d6 3.c3 Nf6 4.Be2 Bd7 5.d3 g6 6.O-O Bg7 7.Re1 O-O 8.Bf1 Bg4 
9.h3 Bxf3 10.Qxf3 Nc6 11.Qd1 e6 12.Nd2 Qc7 13.f4 d5 14.e5 Nh5 15.Qf3 f5 
16.Nb3 b6 17.Be3 Rf7 18.d4 c4 19.Nd2 Bf8 20.b3 cxb3 21.axb3 Rd8 22.Rec1 
Qb8 23.Be2 Rc7 24.g3 Ng7 25.Qf1 a5 26.Kh2 Ra7 27.Ra4 Ne8 28.Bd3 Nc7 29.g4 
fxg4 30.hxg4 Ne8 31.Kg3 Rf7 32.Nf3 Be7 33.Qh3 Nc7 34.Ra2 Rg7 35.Rf1 Rf8 
36.Raf2 b5 37.Kh2 Rgf7 38.Kh1 Qe8 39.Bxg6 hxg6 40.Rh2 Rg7 41.Qh8+ Kf7 42.
Ng5+ Bxg5 43.fxg5+ 1-0

[Event "3rd Asia-ch"]
[Site "Kolkata IND"]
[Date "2001.08.16"]
[Round "10"]
[White "Barsov, Alexei"]
[Black "Vakhidov, Tahir"]
[Result "1-0"]
[WhiteElo "2495"]
[BlackElo "2474"]
[EventDate "2001.08.09"]
[PlyCount "59"]

1.d4 Nf6 2.c4 g6 3.Nc3 d5 4.Nf3 Bg7 5.Bf4 c5 6.dxc5 Qa5 7.cxd5 Nxd5 8.Qxd5
Bxc3+ 9.Bd2 Be6 10.Qxb7 Bxd2+ 11.Nxd2 O-O 12.b4 Qa4 13.e3 Nd7 14.a3 a5 15.
Bb5 Qc2 16.Bxd7 Bxd7 17.O-O Qxd2 18.Rad1 Qc3 19.Rxd7 a4 20.Rxe7 Qxa3 21.
Rxf7 Rxf7 22.Qxa8+ Kg7 23.Qe4 Qc3 24.Qd4+ Qxd4 25.exd4 Rb7 26.Rb1 a3 27.
Kf1 a2 28.Ra1 Rxb4 29.Rxa2 Rxd4 30.Rc2 1-0

[Event "3rd Asia-ch"]
[Site "Kolkata IND"]
[Date "2001.08.16"]
[Round "10"]
[White "Barua, Dibyendu"]
[Black "Kazhgaleev, Murtas"]
[Result "1-0"]
[WhiteElo "2499"]
[BlackElo "2585"]
[EventDate "2001.08.09"]
[PlyCount "81"]

1.e4 d6 2.d4 Nf6 3.Nc3 g6 4.Be2 c6 5.a4 Bg7 6.Nf3 O-O 7.O-O Qc7 8.h3 e5 9.
dxe5 dxe5 10.Bc4 Nbd7 11.Be3 Nh5 12.a5 Nf4 13.Qd2 b5 14.Bb3 Nf6 15.Bxf4 
exf4 16.e5 Nd7 17.Qxf4 Nxe5 18.Rfe1 Nxf3+ 19.Qxf3 Bf5 20.a6 Rae8 21.Rad1 
h6 22.g4 Bc8 23.Rxe8 Rxe8 24.Ne4 Rf8 25.Nd6 Bxa6 26.Nxf7 Kh7 27.h4 c5 28.
Bd5 Qe7 29.h5 Bf6 30.Be4 Kg7 31.hxg6 Bc8 32.c3 Be6 33.Bd5 Kxg6 34.Nd6 Kg7 
35.Bxe6 Qxe6 36.Nf5+ Kh7 37.Rd6 Qe1+ 38.Kg2 Bg7 39.Rd7 Kh8 40.Qb7 Qe5 41.
Rxg7 1-0

[Event "3rd Asia-ch"]
[Site "Kolkata IND"]
[Date "2001.08.16"]
[Round "10"]
[White "Bin Sattar, Reefat"]
[Black "Sadvakasov, Darmen"]
[Result "0-1"]
[WhiteElo "2444"]
[BlackElo "2568"]
[EventDate "2001.08.09"]
[PlyCount "74"]

1.e4 c5 2.Nf3 d6 3.d4 cxd4 4.Nxd4 Nf6 5.Nc3 a6 6.Be3 e5 7.Nb3 Be6 8.f3 Be7
9.Qd2 h5 10.a4 Nbd7 11.a5 Rc8 12.Be2 Qc7 13.Nc1 Qc6 14.Nd3 d5 15.exd5 Bxd5
16.O-O O-O 17.Qe1 Be6 18.Kh1 Rfe8 19.Rc1 h4 20.Qxh4 Nd5 21.Bg5 Nxc3 22.
bxc3 Bxg5 23.Qxg5 Qxc3 24.Nf2 Qxa5 25.Rfd1 f6 26.Qg3 Nc5 27.Ng4 Kf7 28.h3 
Qc3 29.Kh2 Red8 30.Rxd8 Rxd8 31.Qh4 Rd2 32.Qh5+ Ke7 33.Qg6 Bxg4 34.Qxg7+ 
Kd6 35.hxg4 Rxe2 36.Qxf6+ Ne6 37.Kh3 Re1 0-1

[Event "3rd Asia-ch"]
[Site "Kolkata IND"]
[Date "2001.08.16"]
[Round "10"]
[White "Dableo, Ronald"]
[Black "Mishra, Neeraj Kumar"]
[Result "1/2-1/2"]
[WhiteElo "2310"]
[BlackElo "2293"]
[EventDate "2001.08.09"]
[PlyCount "100"]

1.c4 Nf6 2.Nc3 e6 3.e4 d6 4.d3 c5 5.g3 Bd7 6.Bg2 Bc6 7.Nf3 Be7 8.O-O O-O 
9.Re1 Nbd7 10.b3 Rb8 11.d4 cxd4 12.Nxd4 a6 13.Bb2 Qb6 14.Qd2 Ne5 15.Nxc6 
bxc6 16.Na4 Qa7 17.c5 Rfd8 18.Qe2 Nfd7 19.cxd6 Bxd6 20.Red1 Be7 21.Rac1 c5
22.Kh1 Nc6 23.e5 Nd4 24.Qe4 Nb6 25.Nxc5 Bxc5 26.Bxd4 Ba3 27.Rc2 Qe7 28.Qe2
a5 29.h4 Nd5 30.Ba1 Bb4 31.Rc4 Rd7 32.Be4 Rbd8 33.Bc2 g6 34.Kg2 h5 35.Bd4 
Nb6 36.Bxb6 Rxd1 37.Bxd8 Rxd8 38.Qe3 Kg7 39.Be4 Qd7 40.Qb6 Be1 41.a3 Qd1 
42.Rc1 Qd2 43.Rc2 Qd1 44.Qe3 Rd2 45.Rxd2 Bxd2 46.Qd3 Qe1 47.Qf3 Kg8 48.Qd3
Kg7 49.Qf3 Kg8 50.Qd3 Kg7 1/2-1/2

[Event "3rd Asia-ch"]
[Site "Kolkata IND"]
[Date "2001.08.16"]
[Round "10"]
[White "Dzhumaev, Marat"]
[Black "Wu Wenjin"]
[Result "1-0"]
[WhiteElo "2497"]
[BlackElo "2560"]
[EventDate "2001.08.09"]
[PlyCount "61"]

1.e4 c5 2.Nf3 e6 3.d3 Nc6 4.g3 d5 5.Nbd2 g6 6.Bg2 Bg7 7.O-O Nf6 8.c3 O-O 
9.e5 Nd7 10.d4 b6 11.a3 a5 12.Re1 Ba6 13.Nf1 f6 14.exf6 Qxf6 15.Bg5 Qf7 
16.Bf4 h6 17.h4 Kh7 18.N1h2 Qf5 19.Qd2 a4 20.Rad1 Na5 21.h5 g5 22.Bxg5 Nc4
23.Qc1 e5 24.g4 Qf7 25.dxe5 Ndxe5 26.Qc2+ Kh8 27.Nxe5 Bxe5 28.Nf3 Bg7 29.
Re7 Qg8 30.Nh4 Ne5 31.Bxd5 1-0

[Event "3rd Asia-ch"]
[Site "Kolkata IND"]
[Date "2001.08.16"]
[Round "10"]
[White "Ganguly, Surya Shekhar"]
[Black "Nguyen Anh Dung"]
[Result "1-0"]
[WhiteElo "2464"]
[BlackElo "2533"]
[EventDate "2001.08.09"]
[PlyCount "83"]

1.e4 c5 2.Nf3 d6 3.d4 cxd4 4.Nxd4 Nf6 5.Nc3 g6 6.Be3 Bg7 7.f3 O-O 8.Qd2 
Nc6 9.Bc4 Na5 10.Bb3 Bd7 11.O-O-O Nxb3+ 12.cxb3 Qa5 13.Kb1 Rfc8 14.g4 h5 
15.gxh5 Qxh5 16.Nce2 e5 17.Ng3 Qh3 18.Nde2 d5 19.Ng1 Qe6 20.exd5 Qe8 21.
Bg5 a5 22.a3 Ra6 23.N1e2 e4 24.Rhe1 exf3 25.Nd4 Qf8 26.Nxf3 Qc5 27.Ne5 Bh3
28.Bxf6 Bxf6 29.Ne4 Bf5 30.Ka2 Bxe4 31.Rxe4 Bxe5 32.Rxe5 Rf6 33.Re3 Rd8 
34.Rh3 Qf8 35.Qxa5 Rc8 36.d6 Rf5 37.Qb6 Rd8 38.Qxb7 Rf2 39.Qe7 Ra8 40.Qh4 
Rxa3+ 41.Kxa3 Qa8+ 42.Qa4 1-0

[Event "3rd Asia-ch"]
[Site "Kolkata IND"]
[Date "2001.08.16"]
[Round "10"]
[White "Garma, Chito"]
[Black "Peires, T. D. R."]
[Result "0-1"]
[WhiteElo "2409"]
[BlackElo "2151"]
[EventDate "2001.08.09"]
[PlyCount "98"]

1.e4 e5 2.Nf3 Nc6 3.c3 Nf6 4.d4 d5 5.Bb5 exd4 6.e5 Ne4 7.cxd4 Bb4+ 8.Nfd2 
O-O 9.Bxc6 bxc6 10.O-O f5 11.f3 Ng5 12.Qa4 c5 13.Nb3 Bd7 14.Bxg5 Qc8 15.
Qxb4 cxb4 16.Nc5 h6 17.Bh4 g5 18.Bf2 f4 19.Re1 Re8 20.Nd2 Rb8 21.Rac1 Rb6 
22.Ndb3 Rg6 23.g4 Bxg4 24.fxg4 Qxg4+ 25.Kh1 Qf3+ 26.Kg1 g4 27.Nd2 Qh3 28.
Nf1 Kh8 29.Bg3 fxg3 30.Nxg3 Qh4 31.Nd3 Qe7 32.Nf4 Rg5 33.Rc6 Qh7 34.Rec1 
Re7 35.Nxd5 Rd7 36.Nf4 Rxd4 37.Rxc7 Rd7 38.Rc8+ Rg8 39.Ngh5 Rd1+ 40.Rxd1 
Rxc8 41.Nf6 Qc2 42.Rf1 Qd2 43.Rf2 Rc1+ 44.Kg2 Qd1 45.Kg3 Qg1+ 46.Rg2 Qe3+ 
47.Kxg4 Rg1 48.Rg3 Rxg3+ 49.hxg3 Kg7 0-1

[Event "3rd Asia-ch"]
[Site "Kolkata IND"]
[Date "2001.08.16"]
[Round "10"]
[White "Ghaem Maghami, Ehsan"]
[Black "Odeev, Handszar"]
[Result "1-0"]
[WhiteElo "2509"]
[BlackElo "2479"]
[EventDate "2001.08.09"]
[PlyCount "93"]

1.c4 Nf6 2.Nf3 g6 3.Nc3 d5 4.cxd5 Nxd5 5.Qa4+ Bd7 6.Qh4 Nxc3 7.dxc3 Nc6 8.
e4 e5 9.Bg5 Be7 10.Bc4 h6 11.Bxe7 Qxe7 12.Qg3 O-O-O 13.O-O g5 14.Rfd1 f6 
15.Nd2 h5 16.Qe3 Kb8 17.Bd5 h4 18.b4 Rdf8 19.b5 Nd8 20.a4 g4 21.Nb3 g3 22.
Nc5 gxf2+ 23.Qxf2 Bg4 24.Rdb1 f5 25.a5 fxe4 26.Qe3 Rf6 27.b6 cxb6 28.axb6 
Rxb6 29.Rxb6 axb6 30.Na6+ bxa6 31.Qxb6+ Nb7 32.Rxa6 Bc8 33.Qa7+ Kc7 34.
Rc6+ Kd7 35.Qb6 Qd8 36.Be6+ Ke7 37.Qb4+ Nd6 38.Rxc8 Kxe6 39.Rxd8 Rxd8 40.
Qb3+ Kf5 41.Qd5 e3 42.Kf1 Kf6 43.Ke2 Nf7 44.Qf3+ Ke7 45.Qxe3 Rg8 46.Qe4 
Ke6 47.Qc4+ 1-0

[Event "3rd Asia-ch"]
[Site "Kolkata IND"]
[Date "2001.08.16"]
[Round "10"]
[White "Hoang Thanh Trang"]
[Black "Ghorbani, Mohsen"]
[Result "1-0"]
[WhiteElo "2445"]
[BlackElo "2334"]
[EventDate "2001.08.09"]
[PlyCount "135"]

1.d4 Nf6 2.c4 e6 3.Nc3 Bb4 4.Qc2 O-O 5.a3 Bxc3+ 6.Qxc3 b6 7.Bg5 Bb7 8.Nf3 
d6 9.e3 Nbd7 10.Nd2 c5 11.f3 Rc8 12.dxc5 bxc5 13.Bd3 h6 14.Bh4 Qb6 15.O-O 
d5 16.Bf2 a5 17.Rfd1 Bc6 18.Rab1 a4 19.Nf1 Rb8 20.Bc2 Qa6 21.cxd5 exd5 22.
Ng3 g6 23.Nh1 Bb5 24.Bh4 Bc4 25.Nf2 Bb3 26.Nd3 Bxc2 27.Qxc2 g5 28.Be1 Rbc8
29.Bc3 d4 30.exd4 Nd5 31.dxc5 Ne3 32.Qf2 Nxd1 33.Rxd1 Qc4 34.Nb4 Rfd8 35.
c6 Ne5 36.Rxd8+ Rxd8 37.Qb6 Rd1+ 38.Kf2 Ng4+ 39.fxg4 Qf4+ 40.Ke2 Qf1+ 41.
Ke3 Qf4+ 42.Ke2 Qxg4+ 43.Kf2 Qf4+ 44.Ke2 Qf1+ 45.Ke3 Qg1+ 46.Ke2 Qxb6 47.
Kxd1 Kf8 48.Kd2 Ke8 49.Kd3 Qb5+ 50.Ke3 Kd8 51.Bf6+ Kc8 52.Kd4 Qf1 53.Nd5 
Qf2+ 54.Kc4 Qxg2 55.Kc5 Qxh2 56.Nb6+ Kc7 57.Nc4 g4 58.Be5+ Qxe5+ 59.Nxe5 
f5 60.Ng6 g3 61.Nf4 h5 62.Ng2 f4 63.Nxf4 h4 64.Nh3 g2 65.Ng1 Kc8 66.Kb6 
Kb8 67.c7+ Kc8 68.Nh3 1-0

[Event "3rd Asia-ch"]
[Site "Kolkata IND"]
[Date "2001.08.16"]
[Round "10"]
[White "Hossain, Enamul"]
[Black "Turpanov, Milan"]
[Result "1-0"]
[WhiteElo "2353"]
[BlackElo "2276"]
[EventDate "2001.08.09"]
[PlyCount "105"]

1.e4 d5 2.exd5 Qxd5 3.Nc3 Qa5 4.d4 Nf6 5.Nf3 Bg4 6.h3 Bh5 7.b4 Qb6 8.g4 
Bg6 9.g5 Ne4 10.Nd5 Qd6 11.c4 e6 12.Bf4 Qxf4 13.Nxf4 Bxb4+ 14.Ke2 Nc3+ 15.
Ke3 Nxd1+ 16.Rxd1 Nc6 17.Nxg6 hxg6 18.Bd3 O-O-O 19.Be4 Nxd4 20.Nxd4 Bc5 
21.f4 Rd6 22.Rd3 f6 23.gxf6 gxf6 24.Bxg6 e5 25.Bf5+ Kd8 26.h4 Bxd4+ 27.Ke4
Rc6 28.h5 Rxc4 29.fxe5 fxe5 30.h6 Ke7 31.h7 Bb2+ 32.Ke3 Bc1+ 33.Ke2 Kf6 
34.Rf3 Bf4 35.Bb1 Rd4 36.Rff1 Ke6 37.Rhg1 Rd2+ 38.Kf3 Rh2 39.Rh1 Rxh1 40.
Rxh1 Bg5 41.Kg4 Bf6 42.Rd1 Ke7 43.Kh5 Rf8 44.Rg1 Kf7 45.Be4 c6 46.Rb1 b6 
47.Bxc6 Rd8 48.Rf1 a5 49.Be4 b5 50.Rc1 b4 51.Rc7+ Kf8 52.Kg6 Rd6 53.Rf7+ 
1-0

[Event "3rd Asia-ch"]
[Site "Kolkata IND"]
[Date "2001.08.16"]
[Round "10"]
[White "Isaev, Jamshed"]
[Black "Izmukhambetov, Salauat"]
[Result "1-0"]
[WhiteElo "2454"]
[BlackElo "2352"]
[EventDate "2001.08.09"]
[PlyCount "67"]

1.e4 Nf6 2.e5 Nd5 3.d4 d6 4.c4 Nb6 5.f4 dxe5 6.fxe5 Nc6 7.Be3 Bf5 8.Nc3 e6
9.Nf3 Bg4 10.Qd2 Be7 11.O-O-O Qd7 12.h3 Bf5 13.Bd3 Nb4 14.Bxf5 Nxc4 15.Qe2
Nxe3 16.Qxe3 exf5 17.d5 O-O 18.Qf4 a5 19.g4 fxg4 20.hxg4 Ra6 21.g5 Rg6 22.
Rh5 h6 23.a3 Ra8 24.gxh6 Qg4 25.Qxg4 Rxg4 26.hxg7 Ra6 27.axb4 axb4 28.Ne2 
b3 29.Kd2 Bb4+ 30.Kd3 Ra2 31.Ned4 Kxg7 32.Nf5+ Kg6 33.Rh6+ Kxf5 34.Rf6# 
1-0

[Event "3rd Asia-ch"]
[Site "Kolkata IND"]
[Date "2001.08.16"]
[Round "10"]
[White "Kotsur, Pavel"]
[Black "Wang Yue"]
[Result "0-1"]
[WhiteElo "2600"]
[BlackElo "2466"]
[EventDate "2001.08.09"]
[PlyCount "85"]

1.e4 c5 2.Nc3 d6 3.Nge2 Nf6 4.g3 g6 5.Bg2 Bg7 6.O-O Nc6 7.h3 O-O 8.d3 Rb8 
9.f4 Bd7 10.g4 b5 11.Ng3 b4 12.Nce2 Ne8 13.c4 bxc3 14.bxc3 Qa5 15.Bd2 Rb2 
16.a3 Nc7 17.e5 dxe5 18.f5 Nd4 19.Rb1 Rxb1 20.Qxb1 Nxe2+ 21.Nxe2 c4 22.
dxc4 Qc5+ 23.Kh1 Qxc4 24.Ng3 Bc6 25.Bxc6 Qxc6+ 26.Qe4 Qc5 27.a4 Nd5 28.c4 
Nf6 29.Qe2 Rc8 30.Rc1 Qc6+ 31.Kh2 Qxa4 32.c5 Nd5 33.Ne4 Nf6 34.Rc4 Qc6 35.
Ng3 Nd5 36.Ne4 Nf4 37.Qf3 Rd8 38.Bxf4 exf4 39.Qxf4 Qd5 40.Qf1 Be5+ 41.Kg2 
Rb8 42.Qe2 Rb2 43.Rc2 0-1

[Event "3rd Asia-ch"]
[Site "Kolkata IND"]
[Date "2001.08.16"]
[Round "10"]
[White "Li Wenliang"]
[Black "Liang Chong"]
[Result "1-0"]
[WhiteElo "2494"]
[BlackElo "2556"]
[EventDate "2001.08.09"]
[PlyCount "80"]

1.d4 Nf6 2.c4 e6 3.Nc3 Bb4 4.Qc2 O-O 5.a3 Bxc3+ 6.Qxc3 b6 7.Bg5 Bb7 8.f3 
h6 9.Bh4 d5 10.e3 Nbd7 11.cxd5 exd5 12.Bd3 Re8 13.Ne2 a5 14.Bf5 Nf8 15.O-O
c6 16.Bf2 Ng6 17.Rfe1 Ne7 18.Bc2 Nc8 19.Ng3 Nd6 20.Rad1 g6 21.h3 h5 22.Nf1
Rc8 23.b4 axb4 24.axb4 Re6 25.Nd2 Qe7 26.Bd3 Ra8 27.Kh1 Qe8 28.Bc2 Ba6 29.
Bh4 Nc4 30.Nxc4 Bxc4 31.e4 Nd7 32.f4 Ra2 33.e5 f5 34.Ra1 Ra8 35.Rxa8 Qxa8 
36.Ra1 Qb7 37.Qg3 Kh7 38.Qg5 Nf8 39.Qd8 Qf7 40.Ra8 Kg8 1-0

[Event "3rd Asia-ch"]
[Site "Kolkata IND"]
[Date "2001.08.16"]
[Round "10"]
[White "Liu, Dede"]
[Black "Magai, Vladimir"]
[Result "0-1"]
[WhiteElo "2402"]
[BlackElo "2537"]
[EventDate "2001.08.09"]
[PlyCount "94"]

1.e4 e5 2.Nf3 Nc6 3.Bb5 a6 4.Ba4 Nf6 5.O-O b5 6.Bb3 Bc5 7.Qe2 O-O 8.c3 d6 
9.d3 Be6 10.Bc2 h6 11.Rd1 Re8 12.Be3 Bxe3 13.Qxe3 d5 14.Nbd2 Qd6 15.h3 d4 
16.Qe1 Nh5 17.Nf1 Nf4 18.Ng3 a5 19.Ne2 Nxe2+ 20.Qxe2 a4 21.a3 Na5 22.cxd4 
exd4 23.Nd2 c5 24.Rf1 f5 25.Rae1 c4 26.dxc4 bxc4 27.Bxa4 Rec8 28.Qf3 Rf8 
29.exf5 Bxf5 30.Ne4 Qb6 31.Bc2 d3 32.Bb1 Rae8 33.Nc3 Be6 34.Qh5 Bf7 35.Qb5
Qxb5 36.Nxb5 Rb8 37.a4 Nb3 38.Rd1 Nc5 39.Nd6 Rxb2 40.Rc1 Rfb8 41.Nxf7 Rxb1
42.Rxb1 Rxb1 43.Rxb1 Kxf7 44.Kf1 c3 45.Ke1 c2 46.Rc1 Nb3 47.a5 d2+ 0-1

[Event "3rd Asia-ch"]
[Site "Kolkata IND"]
[Date "2001.08.16"]
[Round "10"]
[White "Lodhi, Mahmood"]
[Black "Abu Sufian, Shakil"]
[Result "1-0"]
[WhiteElo "2410"]
[BlackElo "2276"]
[EventDate "2001.08.09"]
[PlyCount "141"]

1.d4 Nf6 2.Nf3 c5 3.e3 e6 4.g3 b6 5.Bg2 Bb7 6.O-O Be7 7.c4 O-O 8.Nc3 cxd4 
9.exd4 Qc8 10.Qd3 d5 11.b3 Rd8 12.Be3 dxc4 13.bxc4 Nc6 14.Rac1 Na5 15.Nd2 
Bxg2 16.Kxg2 Qb7+ 17.f3 Rd7 18.Nce4 Rad8 19.Rfd1 Nc6 20.Nb3 Nxd4 21.Bxd4 
Nxe4 22.Qxe4 Qxe4 23.fxe4 e5 24.Bxb6 axb6 25.Rd5 Ra7 26.Rxd8+ Bxd8 27.Rc2 
Be7 28.Kf3 f6 29.g4 Kf7 30.h4 Ke6 31.h5 g6 32.hxg6 hxg6 33.Ke3 Bc5+ 34.Kf3
Rh7 35.Kg2 Rh4 36.Kg3 Rh1 37.a4 Re1 38.Nxc5+ bxc5 39.Ra2 Rxe4 40.a5 Rd4 
41.a6 Rd8 42.a7 Ra8 43.Ra6+ Kf7 44.Kf3 f5 45.g5 Kg7 46.Ke3 Kf7 47.Ra2 Kg7 
48.Ra5 e4 49.Kf4 Kf7 50.Ra6 Kg7 51.Ra3 Kf7 52.Ke5 e3 53.Rxe3 Rxa7 54.Kd6 
Ra6+ 55.Kxc5 Re6 56.Rb3 f4 57.Kd4 Ke8 58.Rf3 Re1 59.Rxf4 Rg1 60.Re4+ Kd7 
61.Re5 Kd6 62.Rd5+ Kc6 63.Ra5 Kb6 64.Re5 Kc7 65.Kc5 Rg2 66.Kd4 Rg1 67.c5 
Kd7 68.Rd5+ Kc7 69.Ke4 Re1+ 70.Kf4 Rb1 71.Rd6 1-0

[Event "3rd Asia-ch"]
[Site "Kolkata IND"]
[Date "2001.08.16"]
[Round "10"]
[White "Mahjoob, Morteza"]
[Black "Annageldiev, Orazly"]
[Result "0-1"]
[WhiteElo "2335"]
[BlackElo "2485"]
[EventDate "2001.08.09"]
[PlyCount "74"]

1.e4 c5 2.Nf3 Nc6 3.Nc3 g6 4.d4 cxd4 5.Nxd4 Bg7 6.Be3 Nf6 7.Bc4 O-O 8.Bb3 
d6 9.f3 Bd7 10.Qd2 Nxd4 11.Bxd4 b5 12.h4 a5 13.a4 bxa4 14.Nxa4 Be6 15.Bxe6
fxe6 16.h5 Nxh5 17.Bxg7 Kxg7 18.g4 Nf4 19.Qh2 h5 20.gxh5 e5 21.O-O-O Rh8 
22.h6+ Kh7 23.Qh4 Ra7 24.Rh2 Rb7 25.Nc5 Rb5 26.Nd3 Rf8 27.Qg5 a4 28.Kb1 a3
29.b3 Qc7 30.Nxf4 exf4 31.Rd5 a2+ 32.Kxa2 Ra8+ 33.Kb2 Qa7 34.Kc1 Rxd5 35.
exd5 Qa1+ 36.Kd2 Qd4+ 37.Ke2 Qe3+ 0-1

[Event "3rd Asia-ch"]
[Site "Kolkata IND"]
[Date "2001.08.16"]
[Round "10"]
[White "Mallahi, Amir"]
[Black "Vladimirov, Evgeny"]
[Result "0-1"]
[WhiteElo "2416"]
[BlackElo "2612"]
[EventDate "2001.08.09"]
[PlyCount "96"]

1.e4 c5 2.Nf3 Nc6 3.Nc3 d6 4.d4 cxd4 5.Nxd4 Nf6 6.f4 e5 7.Nf3 Be7 8.Bd3 
Qb6 9.Rb1 O-O 10.Qe2 Be6 11.f5 Bxf5 12.exf5 d5 13.Be3 d4 14.Bf2 Qa5 15.O-O
dxc3 16.bxc3 Bc5 17.Rb5 Bxf2+ 18.Qxf2 Qxc3 19.Qe1 Qxe1 20.Rxe1 b6 21.Nxe5 
Rfe8 22.Nf3 Rxe1+ 23.Nxe1 Rc8 24.h3 Kf8 25.Kf2 Na5 26.Nf3 Rd8 27.Nd2 Nd5 
28.Kg3 Nc3 29.Rb2 Rd4 30.Nb1 Na4 31.Rb5 Nc5 32.Be2 Ne4+ 33.Kf3 Nd6 34.Re5 
Nc6 35.Re3 Nxf5 36.Rc3 Ne5+ 37.Kf2 Nd6 38.Rc7 Ra4 39.Nc3 Ra3 40.Nb5 Nxb5 
41.Bxb5 h5 42.g3 g6 43.Bf1 Rxa2 44.Ke3 Kg7 45.Bg2 Ra3+ 46.Kf2 Kf6 47.Bd5 
Ra1 48.Ke2 Ra5 0-1

[Event "3rd Asia-ch"]
[Site "Kolkata IND"]
[Date "2001.08.16"]
[Round "10"]
[White "Moradiabadi, Elshan"]
[Black "Utut Adianto"]
[Result "0-1"]
[WhiteElo "2404"]
[BlackElo "2598"]
[EventDate "2001.08.09"]
[PlyCount "120"]

1.e4 g6 2.d4 Bg7 3.Nf3 d6 4.Bd3 Nf6 5.Bg5 O-O 6.Nbd2 c5 7.dxc5 dxc5 8.Qe2 
Nc6 9.c3 Qc7 10.O-O Rd8 11.Rad1 Nh5 12.Nc4 Be6 13.a4 h6 14.Be3 Nf4 15.Bxf4
Qxf4 16.Ne3 Bb3 17.Bc2 Bxc2 18.Nxc2 e6 19.g3 Qc7 20.Ne3 a6 21.h4 Qa5 22.
Nc4 Qc7 23.Ne3 Rxd1 24.Rxd1 Rd8 25.Rxd8+ Qxd8 26.Kg2 Qa5 27.Qd1 Qc7 28.Qd3
Na5 29.b4 cxb4 30.cxb4 Nc6 31.b5 axb5 32.Qxb5 Nd4 33.Qb4 Qc6 34.Nd2 Nc2 
35.Nxc2 Qxc2 36.Nb3 b6 37.a5 bxa5 38.Nxa5 Bc3 39.Qc4 Qb2 40.Nc6 Kg7 41.Qc5
Qd2 42.h5 g5 43.Qc4 Bb2 44.Nb4 Bd4 45.Nd3 e5 46.Kf1 Qd1+ 47.Ne1 Qxh5 48.
Kg2 g4 49.Qd3 Qg6 50.Nc2 Qb6 51.Qd2 Qc6 52.Qe2 h5 53.Nb4 Qb7 54.Nd5 Qb3 
55.Ne7 Qb2 56.Nf5+ Kf6 57.Qf1 Bb6 58.Qe1 Qc2 59.Nh4 Bd4 60.Nf5 Bxf2 0-1

[Event "3rd Asia-ch"]
[Site "Kolkata IND"]
[Date "2001.08.16"]
[Round "10"]
[White "Nadera, Barlo"]
[Black "Hakki, Imad"]
[Result "1/2-1/2"]
[WhiteElo "2421"]
[BlackElo "2428"]
[EventDate "2001.08.09"]
[PlyCount "110"]

1.d4 Nf6 2.c4 e6 3.Nc3 Bb4 4.Qc2 O-O 5.a3 Bxc3+ 6.Qxc3 Ne4 7.Qc2 f5 8.g3 
b6 9.Bg2 Bb7 10.Nf3 Nf6 11.O-O Be4 12.Qc3 d6 13.b4 Qe8 14.Ne1 Nbd7 15.f3 
Bb7 16.Nd3 e5 17.dxe5 dxe5 18.Bb2 e4 19.Nf4 Qe7 20.Rad1 Rac8 21.Rfe1 Qf7 
22.Nh3 h6 23.f4 Rcd8 24.e3 Ba6 25.Bf1 Ng4 26.Rd5 Qe7 27.Red1 Ndf6 28.R5d2 
c5 29.Be2 Rxd2 30.Qxd2 Qf7 31.b5 Bc8 32.Nf2 Nxf2 33.Kxf2 Be6 34.Qc3 Kh7 
35.h3 Ne8 36.Rd8 Nf6 37.Rd2 Ne8 38.a4 Nf6 39.Rd1 Rg8 40.Qe5 Re8 41.Qc3 Rg8
42.Qe5 Re8 43.Rd2 Bc8 44.Qc3 Be6 45.Rd6 Qe7 46.Qe5 Qf7 47.Qc3 Qe7 48.Qd2 
Qf7 49.Qc3 Qe7 50.Qe5 Qf7 51.Rd2 Bc8 52.Qc3 Be6 53.Qe5 Bc8 54.Qc3 Be6 55.
Rd6 Qe7 1/2-1/2

[Event "3rd Asia-ch"]
[Site "Kolkata IND"]
[Date "2001.08.16"]
[Round "10"]
[White "Nazarov, Anvar"]
[Black "Djao Thien Hai"]
[Result "1/2-1/2"]
[WhiteElo "2410"]
[BlackElo "2572"]
[EventDate "2001.08.09"]
[PlyCount "28"]

1.e4 c5 2.c4 d6 3.Nc3 Nf6 4.g3 Nc6 5.Bg2 g6 6.Nge2 Bg7 7.O-O h5 8.d4 h4 9.
dxc5 hxg3 10.hxg3 dxc5 11.Qxd8+ Nxd8 12.Nb5 Ne6 13.Nf4 O-O 14.Re1 a6 
1/2-1/2

[Event "3rd Asia-ch"]
[Site "Kolkata IND"]
[Date "2001.08.16"]
[Round "10"]
[White "Nolte, Rolando"]
[Black "Yurtaev, Leonid"]
[Result "0-1"]
[WhiteElo "2324"]
[BlackElo "2543"]
[EventDate "2001.08.09"]
[PlyCount "62"]

1.e4 e5 2.Nf3 Nc6 3.Bb5 a6 4.Ba4 Nf6 5.O-O Be7 6.Re1 b5 7.Bb3 O-O 8.c3 d5 
9.exd5 Nxd5 10.Nxe5 Nxe5 11.Rxe5 c6 12.d4 Bd6 13.Re1 Qh4 14.g3 Qh3 15.Be3 
Be6 16.Nd2 Bg4 17.Qb1 f5 18.f4 g5 19.Qc2 gxf4 20.Bxf4 Bxf4 21.gxf4 Kh8 22.
Bxd5 cxd5 23.Nf1 Rg8 24.Ng3 Bf3 25.Qf2 Rxg3+ 26.Qxg3 Rg8 27.Re8 Qxg3+ 28.
hxg3 Rxe8 29.Kf2 Bg4 30.Re1 Re4 31.Re3 Kg7 0-1

[Event "3rd Asia-ch"]
[Site "Kolkata IND"]
[Date "2001.08.16"]
[Round "10"]
[White "Rahman, Taibur"]
[Black "Wohl, Aleksandar"]
[Result "0-1"]
[WhiteElo "2246"]
[BlackElo "2371"]
[EventDate "2001.08.09"]
[PlyCount "96"]

1.d4 e6 2.c4 Bb4+ 3.Bd2 a5 4.g3 d6 5.Nf3 Nc6 6.Bg2 e5 7.Bxb4 axb4 8.O-O e4
9.Ne1 Nf6 10.a3 O-O 11.Nc2 d5 12.c5 bxa3 13.Rxa3 Rxa3 14.Nbxa3 Ne7 15.b4 
Ng4 16.f3 exf3 17.exf3 Nf6 18.Re1 Nf5 19.Ne3 c6 20.Bf1 g6 21.Nac2 Ng7 22.
Qd2 h5 23.Ng2 Bh3 24.Nf4 Bxf1 25.Kxf1 Qd7 26.h4 Ra8 27.Ra1 Rxa1+ 28.Nxa1 
Qf5 29.Qc2 Qc8 30.Nb3 Nh7 31.Kf2 g5 32.hxg5 Nxg5 33.Qd2 Qf5 34.Nc1 N7e6 
35.Nce2 Nh3+ 36.Nxh3 Qxh3 37.Nf4 Qh2+ 38.Ng2 Qh1 39.f4 Qa1 40.Ke3 Qg1+ 41.
Qf2 Qb1 42.Qf3 Qxb4 43.Qd1 Qc3+ 44.Qd3 Qc1+ 45.Kf3 Qb2 46.Nh4 Nxd4+ 47.Ke3
Nc2+ 48.Kf2 Nb4+ 0-1